Caracterizacion técnica de la hidrosiembra con mulch de refinación térmica, (Registro nro. 2485)

Detalles MARC
000 -LEADER
campo de control de longitud fija 02523nam a22003257a 4500
001 - NÚMERO DE CONTROL
campo de control 42835
003 - IDENTIFICADOR DE NÚMERO DE CONTROL
campo de control gtgccic
005 - FECHA Y HORA DE LA ÚLTIMA TRANSACCIÓN
campo de control 20251105120043.0
007 - CAMPO FIJO DE DESCRIPCIÓN FÍSICA--INFORMACIÓN GENERAL
campo de control de longitud fija ta
008 - DATOS DE LONGITUD FIJA--INFORMACIÓN GENERAL
campo de control de longitud fija 251105b gt ||||| |||| 00| 0 spa d
040 ## - FUENTE DE CATALOGACIÓN
Centro catalogador/agencia de origen gtgccic
Lengua de catalogación spa
Centro/agencia transcriptor gtgccic
Normas de descripción rda
084 ## - OTRO NÚMERO DE CLASIFICACIÓN
Número de control del registro de autoridad o número normalizado TPI-16-0098
100 10 - ENTRADA PRINCIPAL--NOMBRE DE PERSONA
Nombre de persona Mario Alberto Fong García
Fechas asociadas al nombre Ingeniero Agrónomo en Recursos Naturales y Renovables
Término indicativo de función/relación autor
245 10 - MENCIÓN DEL TÍTULO
Título Caracterizacion técnica de la hidrosiembra con mulch de refinación térmica,
Resto del título para el control de erosión y arrastre de sedimentos en taludes de corte y relleno de proyectos de infraestructura /
Mención de responsabilidad, etc. Fong García, Mario Alberto
264 #1 - PRODUCCIÓN, PUBLICACIÓN, DISTRIBUCIÓN, FABRICACIÓN Y COPYRIGHT
Producción, publicación, distribución, fabricación y copyright Guatemala, Guatemala :
Nombre del de productor, editor, distribuidor, fabricante USAC, Facultad de Ingeniería ;
Fecha de producción, publicación, distribución, fabricación o copyright 2016.-
300 ## - DESCRIPCIÓN FÍSICA
Extensión xxii, 50 pag. :
Otras características físicas il. ;
Dimensiones 27 cm
336 ## - TIPO DE CONTENIDO
Fuente rdacontenido
Término de tipo de contenido Texto
Código de tipo de contenido txt
337 ## - TIPO DE MEDIO
Fuente rdamedio
Nombre/término del tipo de medio sin mediación
Código del tipo de medio n
338 ## - TIPO DE SOPORTE
Fuente rdasoporte
Nombre/término del tipo de soporte volumen
Código del tipo de soporte nc
502 ## - NOTA DE TESIS
Nota de tesis Tesis Postgrado
Tipo de título MAESTRO EN ENERGÍA Y AMBIENTE
Nombre de la institución que otorga el título USAC, Facultad de Ingeniería, Escuela de Postgrado
Año de obtención del título 2016
Identificador de la tesis TPI-16-0098
504 ## - NOTA DE BIBLIOGRAFÍA, ETC.
Nota de bibliografía, etc. Nota Bibliografía pag. 39
505 ## - NOTA DE CONTENIDO CON FORMATO
Título 1. MARCO TEÓRICO (erosión, suelos, degradación de los suelos)
505 ## - NOTA DE CONTENIDO CON FORMATO
Título 2. PRESENTACIÓN DE RESULTADOS Y DISCUSIÓN
520 #3 - RESUMEN, ETC.
Sumario, etc. La caracterización técnica de la hidrosiembra como una metodología para el control de erosión y arrastre de sedimentos en proyectos de infraestructura, permite conocer todos los aspectos técnicos que cubre a la hidrosiembra como técnica; esto como una herramienta altamente eficaz para la protección y conservación de suelos, sobre todo, aquellos que sufren de una degradación, debido al cambio de uso que se les da; en este caso particular, por una obra de infraestructura civil, disminuyendo con esto la exposición a riesgo de la obra misma. La hidrosiembra es una técnica aplicada a nivel mundial, que inició en los Estados Unidos de América hace más de 50 años, donde se utilizaba material vegetal seco para proteger la semilla de granos básicos que se sembraba en esos tiempos; luego fué evolucionando con la incorporación de sustratos de fibra de celulosa, madera y mixtos, refinándolos atmosféricamente, hasta llegar recientemente a utilizar la refinación térmica de las fibras de madera que hoy en día se usa para permitir vegetar taludes con pendientes mayores de 60° de inclinación con respecto a la horizontal.
650 ## - PUNTO DE ACCESO ADICIONAL DE MATERIA--TÉRMINO DE MATERIA
Término de materia o nombre geográfico como elemento de entrada SEDIMENTOS
650 ## - PUNTO DE ACCESO ADICIONAL DE MATERIA--TÉRMINO DE MATERIA
Término de materia o nombre geográfico como elemento de entrada PROYECTOS DE INFRAESTRUCTURA
700 ## - ENTRADA AGREGADA--NOMBRE PERSONAL
Nombre de persona Ing. MSc. Juan Carlos Fuentes Montepeque
Término indicativo de función/relación asesor
942 ## - ELEMENTOS DE ENTRADA SECUNDARIOS (KOHA)
Fuente de la clasificación o esquema de estantería Clasificación Decimal Dewey
Tipo de ítem Koha TESISPOSTGRADO
945 ## - PROCESAMIENTO DE INFORMACIÓN LOCAL (OCLC)
a amlo
Existencias
Estatus retirado Estado de pérdida Fuente de la clasificación o esquema de estantería Estado de daño No para préstamo Biblioteca de origen Biblioteca actual Fecha de adquisición Número de inventario Total de préstamos Signatura topográfica completa Código de barras Visto por última vez Precio de reemplazo Tipo de ítem Koha Nota pública
    Clasificación Decimal Dewey     CENTRO DE INFORMACIÓN A LA CONSTRUCCIÓN-CICON CENTRO DE INFORMACIÓN A LA CONSTRUCCIÓN-CICON 05/11/2025 P20160098   TPI-16-0098 20160098 05/11/2025 05/11/2025 TESISPOSTGRADO disponible